| 000 | 00483nam a2200253Ia 4500 | ||
|---|---|---|---|
| 000 | 0 | ||
| 008 | 200829s9999 xx 000 0 und d | ||
| 020 |
_a020 _a |
||
| 040 |
_c040 _c |
||
| 082 |
_a082 _a |
||
| 082 |
_b082 _b |
||
| 100 |
_a100 _a _929579 |
||
| 245 |
_a245 _a |
||
| 245 |
_b245 _b |
||
| 245 |
_c245 _c |
||
| 250 |
_a250 _a |
||
| 260 |
_a260 _a |
||
| 260 |
_b260 _b |
||
| 260 |
_c260 _c |
||
| 300 |
_a300 _a |
||
| 300 |
_b300 _b |
||
| 300 |
_c300 _c |
||
| 942 |
_c942 _c |
||
| 999 |
_c535123 _d535123 |
||